| 000 | 01585cam a22003494a 4500 | ||
|---|---|---|---|
| 090 | _c10110 | ||
| 001 | 12701237 | ||
| 005 | 20030610103610.0 | ||
| 008 | 020312s2003 enka b 001 0 eng | ||
| 010 | _a 2002024453 | ||
| 020 | _a0521816106 | ||
| 020 | _a0521016452 (pb.) | ||
| 040 |
_aDLC _cDLC _dDLC |
||
| 042 | _apcc | ||
| 050 | 0 | 0 |
_aH61 _b.C524 2003 |
| 082 | 0 | 0 |
_a300.722 _221 _bCOM |
| 245 | 0 | 0 |
_aComparative historical analysis in the social sciences / _cedited by James Mahoney, Dietrich Rueschemeyer. |
| 260 |
_aCambridge, U.K. ; _aNew York : _bCambridge University Press, _cc.2003. |
||
| 300 |
_axix, 444 p. : _bill. ; _c24 cm. |
||
| 440 | 0 | _aCambridge studies in comparative politics | |
| 504 | _aIncludes bibliographical references and index. | ||
| 650 | 0 |
_aSocial sciences _xResearch _xMethodology. |
|
| 700 | 1 |
_aMahoney, James, _d1968- |
|
| 700 | 1 | _aRueschemeyer, Dietrich. | |
| 856 | 4 | 1 |
_3Sample text _uhttp://www.loc.gov/catdir/samples/cam031/2002024453.html |
| 856 | 4 | 2 |
_3Publisher description _uhttp://www.loc.gov/catdir/description/cam031/2002024453.html |
| 856 | 4 | 1 |
_3Table of contents _uhttp://www.loc.gov/catdir/toc/cam031/2002024453.html |
| 906 |
_a7 _bcbc _corignew _d1 _eocip _f20 _gy-gencatlg |
||
| 942 |
_2ddc _cARCH |
||
| 999 |
_c10110 _d10110 |
||